000 00501nam a2200169Ia 4500
003 GCL
008 140319s9999 xx 000 0 ara d
040 _aGCL /
_cGCL
082 0 4 _aط
_b823.02
_bع ف
100 1 _aذايتلين، ادفنج
245 1 0 _aالفيل الصغير /
_cذايتلين، ادفنج
700 1 _aعبدالرحيم صالح الرحيم
490 _aالسلسلة القصصية
_v0
650 0 4 _aالاطفال
650 0 4 _aقصص الاطفال
942 _2ddc
_cBK
999 _c45119
_d45119